[Event "EU-ch Hybrid U10"]
[Site "Tornelo INT"]
[Date "2021.10.15"]
[Round "1"]
[White "Merkouropoulos, Dionysios"]
[Black "Zeynalzade, Jeyhun"]
[Result "1-0"]
[WhiteElo "1423"]
[BlackElo "1070"]
[PlyCount "99"]
[EventDate "2021.10.15"]
[EventType "swiss"]
[EventRounds "9"]
[EventCountry "NET"]
[SourceTitle "EXT 2023"]
[Source "ChessBase"]
[SourceDate "2022.10.05"]
[SourceVersion "1"]
[SourceVersionDate "2022.10.05"]
[SourceQuality "1"]
[WhiteTeam "Greece"]
[BlackTeam "Azerbaijan"]
[WhiteTeamCountry "GRE"]
[BlackTeamCountry "AZE"]

1. d4 d5 2. c4 e6 3. Nc3 Nf6 4. cxd5 exd5 5. Bg5 Nbd7 6. e3 c6 7. Bd3 Qa5 8. f3 h6 9. Bh4 Bb4 10. Qc2 0-0 11. a3 Bxc3+ 12. Qxc3 Qxc3+ 13. bxc3 Re8 14. Kd2 b6 15. c4 Ba6 16. cxd5 Bxd3 17. dxc6 Bb5 18. cxd7 Nxd7 19. Ne2 Bxe2 20. Kxe2 Nf6 21. Bxf6 gxf6 22. Rac1 Rac8 23. Kd2 Kf8 24. Rxc8 Rxc8 25. Rc1 Rxc1 26. Kxc1 Ke7 27. Kd2 Kd6 28. e4 Ke6 29. Kc3 Kd6 30. Kc4 a6 31. d5 f5 32. exf5 b5+ 33. Kd4 a5 34. g4 b4 35. axb4 axb4 36. h4 b3 37. Kc3 Kxd5 38. Kxb3 Ke5 39. Kc4 Kf4 40. Kd5 Kxf3 41. g5 h5 42. g6 Kg4 43. gxf7 Kxh4 44. f8Q Kg3 45. Qg7+ Kh4 46. f6 Kh3 47. f7 h4 48. f8Q Kh2 49. Qf2+ Kh3 50. Qfg2# 1-0

[Event "EU-ch Hybrid U10"]
[Site "Tornelo INT"]
[Date "2021.10.15"]
[Round "5"]
[White "Zeynalzade, Jeyhun"]
[Black "Borodich, Miroslav"]
[Result "1/2-1/2"]
[WhiteElo "1070"]
[BlackElo "1317"]
[PlyCount "54"]
[EventDate "2021.10.15"]
[EventType "swiss"]
[EventRounds "9"]
[EventCountry "NET"]
[SourceTitle "EXT 2023"]
[Source "ChessBase"]
[SourceDate "2022.10.05"]
[SourceVersion "1"]
[SourceVersionDate "2022.10.05"]
[SourceQuality "1"]
[WhiteTeam "Azerbaijan"]
[BlackTeam "Zypern"]
[WhiteTeamCountry "AZE"]
[BlackTeamCountry "CYP"]

1. e4 c5 2. d4 cxd4 3. Qxd4 Nc6 4. Qa4 Nf6 5. Bb5 a6 6. Nf3 Qb6 7. Bxc6 dxc6 8. Nc3 Bg4 9. Nd2 Qc7 10. 0-0 e6 11. f4 Bc5+ 12. Kh1 Bh5 13. e5 b5 14. Qb3 Ng4 15. Nce4 Ba7 16. Nd6+ Kf8 17. N2e4 Qd8 18. Qg3 Qb6 19. h3 Ne3 20. Bxe3 Qxe3 21. Qxe3 Bxe3 22. Rae1 Bb6 23. f5 exf5 24. Nxf5 Re8 25. Ned6 Re6 26. c4 Bg6 27. cxb5 axb5 1/2-1/2

[Event "EU-ch Hybrid U10"]
[Site "Tornelo INT"]
[Date "2021.10.15"]
[Round "8"]
[White "Zeynalzade, Jeyhun"]
[Black "Livnansky, Michal"]
[Result "0-1"]
[WhiteElo "1070"]
[BlackElo "1235"]
[PlyCount "130"]
[EventDate "2021.10.15"]
[EventType "swiss"]
[EventRounds "9"]
[EventCountry "NET"]
[SourceTitle "EXT 2023"]
[Source "ChessBase"]
[SourceDate "2022.10.05"]
[SourceVersion "1"]
[SourceVersionDate "2022.10.05"]
[SourceQuality "1"]
[WhiteTeam "Azerbaijan"]
[BlackTeam "Slovakia"]
[WhiteTeamCountry "AZE"]
[BlackTeamCountry "SVK"]

1. e4 c5 2. c3 g6 3. d4 cxd4 4. cxd4 Bg7 5. Nc3 d6 6. Bb5+ Bd7 7. Bxd7+ Nxd7 8. Nf3 Ngf6 9. 0-0 0-0 10. Bf4 Nb6 11. Re1 Rc8 12. Rc1 Qd7 13. h3 Rc6 14. e5 Nfd5 15. Nxd5 Nxd5 16. Rxc6 Qxc6 17. Qd2 dxe5 18. Nxe5 Qa6 19. a3 Rd8 20. Bh6 e6 21. Ng4 Qd6 22. Bxg7 Kxg7 23. Qh6+ Kh8 24. Qg5 Rc8 25. Nf6 Qf4 26. Qxf4 Nxf4 27. Re4 Nd3 28. Re2 Rd8 29. d5 Nf4 30. Rd2 Nxd5 31. Nxd5 Rxd5 32. Rc2 Rd7 33. Kh2 Kg7 34. Re2 Kf6 35. Kg3 h5 36. h4 Rd3+ 37. f3 Rb3 38. Kf4 Rb6 39. g4 hxg4 40. Kxg4 Rd6 41. Kf4 Rd4+ 42. Re4 Rxe4+ 43. fxe4 Ke7 44. Kg5 e5 45. b3 Ke6 46. b4 b5 47. Kg4 f5+ 48. Kf3 Kf6 49. Ke3 fxe4 50. Kxe4 Ke6 51. Ke3 Kf5 52. Kf3 e4+ 53. Ke3 Ke5 54. Ke2 Kf4 55. Kf2 Kg4 56. Ke3 Kxh4 57. Kxe4 g5 58. Kf3 Kh3 59. Kf2 g4 60. Kg1 g3 61. Kh1 g2+ 62. Kg1 Kg3 63. a4 bxa4 64. b5 a3 65. b6 a2 0-1